• 首页
  • 本馆介绍
  • 公告通知
  • 最新文献
  • 馆藏检索
  • 电子资源
  • 读者导购
  • 参考咨询
  • 我的图书馆
  • 登录
  • 详细信息显示
  • 放入我的书架
  • 预约/预借图书
  • 作者相关作品
  • 分类相关作品
  • 丛书相关作品
  • 出版社相关作品

书目信息

  • 表格格式
  • 工作单格式
  • 卡片格式
书名: The bishop’s voice
作者: by John Shelby Spong ; compiled and edited by Christine M. Spong.
分册号:
分册名:
出版地: New York :
 
出版社: Crossroad Pub
出版时间: c1999.
页数: 238 p. ;
开本: 24 cm.
丛书名:
中图分类号:
科图分类号:
其他分类号: B9
主题词:
电子资源:
000 01034cam a22003134a 450
001 E0741207468
005 20070519112823.57
008 981229s1999 nyu 000 0deng
010    @a98052206
020    @a0-8245-1592-7.
035    @a(DLC) 98052206
040    @aDLC@cDLC@dDLC
042    @apcc
050 00 @aBX5995.S77@bA5 1999
082 00 @a230/.3@2 21
090    @aB9
099    @dB9@ex
100 1  @aSpong, John Shelby.
245 14 @aThe bishop’s voice :@bselected essays, 1979-1999 / @cby John Shelby Spong ; compiled and edited by Christine M. Spong.
260    @aNew York :@bCrossroad Pub.,@cc1999.
300    @a238 p. ;@c24 cm.
600 10 @aSpong, John Shelby.
610 20 @aEpiscopal Church.
650  0 @aChristianity.
700 1  @aSpong, Christine M.
906    @a7@bcbc@corignew@d1@eocip@f19@gy-gencatlg
925 0  @aAcquire@b2 shelf copies@xpolicy default
955    @apc14 to sa00 12-30-98; sh18 12-30-98; sh06 12-31-98; sh04 01-05-99; CIP ver. sh17 09-30-99; sh43 to BCCD 10-07-99
985    @eGAP
    
    The bishop’s voice : : selected essays, 1979-1999 / / by John Shelby Spong ; compiled and edited by Christine M. Spong.-New York : : Crossroad Pub., , c1999.
    238 p. ; ; 24 cm.
    
    
    ISBN 0-8245-1592-7.
    
●
相关链接 在E读中查询图书 在五车中查询图书 在当当中查询图书 在豆瓣中查询图书


正题名:bishop's voice     索取号:B9/x         预约/预借

序号 登录号 条形码 馆藏地/架位号 状态 备注
1 10722   300107220   第二样本阅览室/ [索取号:B9/x] 在馆    
唐山师范学院图书馆 欢迎您!
大连网信软件有限公司© 版权所有